ბათუმის შოთა რუსთაველის სახელმწიფო უნივერსიტეტის ბიბლიოთეკა

Проектирование, эксплуатация и ремонт нефтепродуктопроводов. (ბიბ.ჩანაწერი № 37015)

000 -LEADER
fixed length control field 00787nam a2200217Ia 4500
001 - CONTROL NUMBER
control field 2967
003 - CONTROL NUMBER IDENTIFIER
control field GE_BSU
008 - FIXED-LENGTH DATA ELEMENTS--GENERAL INFORMATION
fixed length control field 181216s||||||||xx |||||||||||||| ||und||
040 ## - CATALOGING SOURCE
Transcribing agency GE_BSU
080 ## - UNIVERSAL DECIMAL CLASSIFICATION NUMBER
Universal Decimal Classification number 622.32
100 ## - MAIN ENTRY--PERSONAL NAME
Personal name Яблонский,В.С. Новоселов,В.Ф. Галеев,В.Б. Закиров,Г.З.
245 ## - TITLE STATEMENT
Title Проектирование, эксплуатация и ремонт нефтепродуктопроводов.
245 ## - TITLE STATEMENT
Remainder of title Учебник.
245 ## - TITLE STATEMENT
Statement of responsibility, etc. Вед. ред. Е.И.Зубарева.
260 ## - PUBLICATION, DISTRIBUTION, ETC.
Place of publication, distribution, etc. М.
260 ## - PUBLICATION, DISTRIBUTION, ETC.
Name of publisher, distributor, etc. Недра.
260 ## - PUBLICATION, DISTRIBUTION, ETC.
Date of publication, distribution, etc. 1965.
300 ## - PHYSICAL DESCRIPTION
Extent 410 стр. с илл. 22 см.
653 ## - INDEX TERM--UNCONTROLLED
Uncontrolled term Проектирование, эксплуатация и ремонт нефтепродуктопроводов.
942 ## - ADDED ENTRY ELEMENTS (KOHA)
Koha item type წიგნი
ეგზემპლარები
Withdrawn status Lost status Damaged status Not for loan Date acquired Barcode Date last seen Price effective from Koha item type
        2018-12-17 9390 2018-12-17 2018-12-17 წიგნი